书目信息 |
| 题名: |
科苑新苗
|
|
| 作者: | 张学清 主编 | |
| 分册: | ||
| 出版信息: | 昆明 云南大学出版社 2008.05 |
|
| 页数: | 421页 | |
| 开本: | 26cm | |
| 丛书名: | ||
| 单 册: | ||
| 中图分类: | Z427.6 | |
| 科图分类: | ||
| 主题词: | 社会科学--she hui ke xue--文集 , 自然科学--zi ran ke xue--文集 | |
| 电子资源: | ||
| ISBN: | 978-7-81112-539-9 | |
| 000 | 01012nam0 2200253 450 | |
| 001 | 2362202635 | |
| 005 | 20231122171656.04 | |
| 010 | @a978-7-81112-539-9@dCNY52.00 | |
| 100 | @a20231023d2008 em y0chiy50 ea | |
| 101 | 0 | @achi |
| 102 | @aCN@b530000 | |
| 105 | @aagk a 000yy | |
| 200 | 1 | @a科苑新苗@Ake yuan xin miao@e大理学院2007年大学生优秀科研论文100篇@f主编张学清 |
| 210 | @a昆明@c云南大学出版社@d2008.05 | |
| 215 | @a421页@c图, 乐谱@d26cm | |
| 320 | @a有书目 | |
| 330 | @a本书分为药学院、临床医学学院、基础医学学院、护理学院、公共卫生学院、生命科学与化学学院、数学与计算机学院、文学院、政法与经管学院、马克思主义学院、教育科学学院、外国语学院等十四部分。 | |
| 517 | 1 | @a大理学院2007年大学生优秀科研论文100篇@Ada li xue yuan 2007 nian da xue sheng you xiu ke yan lun wen 100 pian |
| 606 | 0 | @a社会科学@Ashe hui ke xue@j文集 |
| 606 | 0 | @a自然科学@Azi ran ke xue@j文集 |
| 690 | @aZ427.6@v5 | |
| 701 | 0 | @a张学清@Azhang xue qing@4主编 |
| 801 | 0 | @aCN@b人天书店@c20231023 |
| 905 | @aBZT@dZ427.6@e3 | |
| 科苑新苗:大理学院2007年大学生优秀科研论文100篇/主编张学清.-昆明:云南大学出版社,2008.05 |
| 421页:图, 乐谱;26cm |
| ISBN 978-7-81112-539-9:CNY52.00 |
| 本书分为药学院、临床医学学院、基础医学学院、护理学院、公共卫生学院、生命科学与化学学院、数学与计算机学院、文学院、政法与经管学院、马克思主义学院、教育科学学院、外国语学院等十四部分。 |
| ● |
| 相关链接 |
|
|
|
正题名:科苑新苗
索取号:Z427.6/3
 
预约/预借
| 序号 | 登录号 | 条形码 | 馆藏地/架位号 | 状态 | 备注 |
| 1 | 2001065753 | 2001065753 | 东辅楼二楼书库/ [索取号:Z427.6/3] | 在馆 | |
| 2 | 2001065754 | 2001065754 | 东辅楼二楼书库/ [索取号:Z427.6/3] | 在馆 | |
| 3 | 2001065755 | 2001065755 | 东辅楼二楼书库/ [索取号:Z427.6/3] | 在馆 | |
| 4 | 2001065756 | 2001065756 | 东辅楼二楼书库/ [索取号:Z427.6/3] | 在馆 | |
| 5 | 2001065757 | 2001065757 | 东辅楼二楼书库/ [索取号:Z427.6/3] | 在馆 | |
| 6 | 2001065758 | 2001065758 | 东辅楼二楼书库/ [索取号:Z427.6/3] | 在馆 | |
| 7 | 2001065759 | 2001065759 | 东辅楼二楼书库/ [索取号:Z427.6/3] | 在馆 | |
| 8 | 2001065760 | 2001065760 | 东辅楼二楼书库/ [索取号:Z427.6/3] | 在馆 | |
| 9 | 2001065761 | 2001065761 | 东辅楼二楼书库/ [索取号:Z427.6/3] | 在馆 | |
| 10 | 2001065762 | 2001065762 | 东辅楼二楼书库/ [索取号:Z427.6/3] | 在馆 | |
| 11 | 2001065763 | 2001065763 | 东辅楼二楼书库/ [索取号:Z427.6/3] | 在馆 | |
| 12 | 2001065764 | 2001065764 | 东辅楼二楼书库/ [索取号:Z427.6/3] | 在馆 | |
| 13 | 2001065765 | 2001065765 | 东辅楼二楼书库/ [索取号:Z427.6/3] | 在馆 | |
| 14 | 2001065766 | 2001065766 | 东辅楼二楼书库/ [索取号:Z427.6/3] | 在馆 | |
| 15 | 2001065767 | 2001065767 | 东辅楼二楼书库/ [索取号:Z427.6/3] | 在馆 | |
| 16 | 2001065768 | 2001065768 | 东辅楼二楼书库/ [索取号:Z427.6/3] | 在馆 | |
| 17 | 2001065769 | 2001065769 | 东辅楼二楼书库/ [索取号:Z427.6/3] | 在馆 | |
| 18 | 2001065770 | 2001065770 | 东辅楼二楼书库/ [索取号:Z427.6/3] | 在馆 | |
| 19 | 2001065771 | 2001065771 | 东辅楼二楼书库/ [索取号:Z427.6/3] | 在馆 | |
| 20 | 2001065772 | 2001065772 | 东辅楼二楼书库/ [索取号:Z427.6/3] | 在馆 | |
| 21 | 2001065773 | 2001065773 | 东辅楼二楼书库/ [索取号:Z427.6/3] | 在馆 | |
| 22 | 2001065774 | 2001065774 | 东辅楼二楼书库/ [索取号:Z427.6/3] | 在馆 | |
| 23 | 2001065775 | 2001065775 | 东辅楼二楼书库/ [索取号:Z427.6/3] | 在馆 | |
| 24 | 2001065776 | 2001065776 | 东辅楼二楼书库/ [索取号:Z427.6/3] | 在馆 | |
| 25 | 2001065777 | 2001065777 | 东辅楼二楼书库/ [索取号:Z427.6/3] | 在馆 | |
| 26 | 2001065778 | 2001065778 | 东辅楼二楼书库/ [索取号:Z427.6/3] | 在馆 | |
| 27 | 2001065779 | 2001065779 | 东辅楼二楼书库/ [索取号:Z427.6/3] | 在馆 | |
| 28 | 2001065780 | 2001065780 | 东辅楼二楼书库/ [索取号:Z427.6/3] | 在馆 | |
| 29 | 2001065781 | 2001065781 | 东辅楼二楼书库/ [索取号:Z427.6/3] | 在馆 | |
| 30 | 2001065782 | 2001065782 | 东辅楼二楼书库/ [索取号:Z427.6/3] | 在馆 |